| 000 | 00407nam a2200169Ia 4500 | ||
|---|---|---|---|
| 008 | 221030s9999 xx 000 0 und d | ||
| 020 | _a8126516810 | ||
| 041 | _aEnglish | ||
| 082 | _a105.23 | ||
| 100 | _aS. M. Sze | ||
| 245 | 0 |
_aSemiconductor Devices Physics & Technology _cby S. M. Sze |
|
| 250 | _a2nd | ||
| 260 |
_bWilley Pub. _aNew Delhi _c2010 |
||
| 300 | _a564 | ||
| 650 | _aPhysics | ||
| 942 | _cBK | ||
| 999 |
_c9381 _d9381 |
||